<?xml version="1.0" encoding="UTF-8"?>
<record
    xmlns:xsi="http://www.w3.org/2001/XMLSchema-instance"
    xsi:schemaLocation="http://www.loc.gov/MARC21/slim http://www.loc.gov/standards/marcxml/schema/MARC21slim.xsd"
    xmlns="http://www.loc.gov/MARC21/slim">

  <leader>00740nab a2200157 a 4500</leader>
  <controlfield tag="005">20241018122229.0</controlfield>
  <controlfield tag="007">ta</controlfield>
  <controlfield tag="008">241018e2022    dr |||||r||||||0| | spa d</controlfield>
  <datafield tag="040" ind1=" " ind2=" ">
    <subfield code="a">DO-SdBNP</subfield>
    <subfield code="c">BNPHU</subfield>
    <subfield code="e">rda</subfield>
  </datafield>
  <datafield tag="041" ind1=" " ind2=" ">
    <subfield code="h">spa</subfield>
  </datafield>
  <datafield tag="100" ind1="1" ind2=" ">
    <subfield code="a">Risco Berm&#xFA;dez, Ren&#xE9; del,</subfield>
    <subfield code="d">1937-1972</subfield>
    <subfield code="9">12315</subfield>
  </datafield>
  <datafield tag="245" ind1=" " ind2=" ">
    <subfield code="a">Ren&#xE9; del Risco Berm&#xFA;dez : </subfield>
    <subfield code="b">cinco d&#xE9;cadas de un adi&#xF3;s prolongado. </subfield>
  </datafield>
  <datafield tag="300" ind1=" " ind2=" ">
    <subfield code="a">p&#xE1;ginas 36-37.</subfield>
  </datafield>
  <datafield tag="520" ind1=" " ind2=" ">
    <subfield code="a">El 20 de diciembre de 2022, har&#xE1; cincuenta a&#xF1;os de la partida notablemente a destiempo de Ren&#xE9; del Risco Berm&#xFA;dez, principal voz de la generaci&#xF3;n de posguerra, reputado publicista y ser humano de intensa sensibilidad social y art&#xED;stica.</subfield>
  </datafield>
  <datafield tag="942" ind1=" " ind2=" ">
    <subfield code="2">ddc</subfield>
    <subfield code="c">ISSUE</subfield>
    <subfield code="h">Edici&#xF3;n 2. Julio 2022</subfield>
  </datafield>
  <datafield tag="952" ind1=" " ind2=" ">
    <subfield code="0">0</subfield>
    <subfield code="1">0</subfield>
    <subfield code="2">ddc</subfield>
    <subfield code="4">0</subfield>
    <subfield code="7">0</subfield>
    <subfield code="8">SE</subfield>
    <subfield code="a">BNPHU</subfield>
    <subfield code="b">BNPHU</subfield>
    <subfield code="d">2024-10-18</subfield>
    <subfield code="h">Edici&#xF3;n 2. Julio 2022</subfield>
    <subfield code="l">0</subfield>
    <subfield code="r">2024-10-18</subfield>
    <subfield code="w">2024-10-18</subfield>
    <subfield code="y">ISSUE</subfield>
  </datafield>
  <datafield tag="999" ind1=" " ind2=" ">
    <subfield code="c">57914</subfield>
    <subfield code="d">57914</subfield>
  </datafield>
</record>
